| 000 | 00414nam a2200157Ia 4500 | ||
|---|---|---|---|
| 005 | 20250424120318.0 | ||
| 008 | 250424s9999 xx 000 0 und d | ||
| 022 | _a0955212618 | ||
| 050 | _aTN 1 .O35/ | ||
| 245 | 0 | _aOil review africa | |
| 260 | _bAlain Charles | ||
| 260 | _c2010 | ||
| 300 | _av. , 94 p. : ill. ; 30 cm. | ||
| 650 | _aPetroleum engineering--Periodicals. Geology and Geophysics | ||
| 942 | _cSR | ||
| 999 |
_c38592 _d38592 |
||